000 00421nam a2200157Ia 4500
005 20240807062141.0
008 240806s9999||||xx |||||||||||||| ||eng||
041 _aeng
082 _a891.209
_bTRIS
100 _aTripathi Radhavallabh
245 0 _aSanskrit sahitay ka abhinav itihas /
_cTripathi Radhavallabh
260 _bVishvavidhalay Prakashan Varanashi
300 _a555
650 _aGeneral Studies
942 _cBK
999 _c9987
_d9987